• 首页
  • 本馆介绍
  • 公告通知
  • 最新文献
  • 馆藏检索
  • 电子资源
  • 读者导购
  • 参考咨询
  • 我的图书馆
  • 登录
  • 详细信息显示
  • 放入我的书架
  • 预约/预借图书
  • 作者相关作品
  • 分类相关作品
  • 丛书相关作品
  • 出版社相关作品

书目信息

  • 表格格式
  • 工作单格式
  • 卡片格式
题名:
草地生态环境监测技术
    
 
作者: 庞立东,运向军,刘慧娟等著
分册:  
出版信息: 北京   中国农业科学技术出版社  2017.12
页数: 162页
开本: 24cm
丛书名: 牧区 半牧区 草牧业科普系列丛书
单 册:
中图分类: X835 , X833-65
科图分类:
主题词: 草地--生态环境--环境监测--研究--中国
电子资源:
ISBN: 978-7-5116-2818-3
000 00831oam2 2200241 450
001 1117
005 20180927125436.75
010    @a978-7-5116-2818-3@dCNY35.00
100    @a20180217d2017 em y0chiy50 ea
101 0  @achi
102    @aCN@b110000
105    @aa z 000yy
200 1  @a草地生态环境监测技术@9cao di sheng tai huan jing jian ce ji shu@f庞立东,运向军,刘慧娟等著
210    @a北京@c中国农业科学技术出版社@d2017.12
215    @a162页@c图@d24cm
225 1  @a牧区 半牧区 草牧业科普系列丛书
330    @a本书共分4章,主要内容包括:草地气象监测、植物多样性研究、草畜平衡监测技术、草地景观监测技术。
461  0 @12001 @a牧区 半牧区 草牧业科普系列丛书
606 0  @a草地@x生态环境@x环境监测@x研究@y中国
690    @aX835@v5
690    @aX833-65@v4
801  0 @aCN@b91MARC@c20180217
905    @aMuseLib@dX833-65@e268
    
    草地生态环境监测技术/庞立东,运向军,刘慧娟等著.-北京:中国农业科学技术出版社,2017.12
    162页:图;24cm.-(牧区 半牧区 草牧业科普系列丛书)
    
    
    ISBN 978-7-5116-2818-3:CNY35.00
    本书共分4章,主要内容包括:草地气象监测、植物多样性研究、草畜平衡监测技术、草地景观监测技术。
●
相关链接 在E读中查询图书 在五车中查询图书 在当当中查询图书 在豆瓣中查询图书


正题名:草地生态环境监测技术     索取号:X833-65/268         预约/预借

序号 登录号 条形码 馆藏地/架位号 状态 备注
1 1121244   211212445   第二样本阅览室/ [索取号:X833-65/268] 在馆    
2 1121245   211212454   第三借阅区/ [索取号:X833-65/268] 在馆    
3 1121246   211212463   密集书库-资源管理系/ [索取号:X833-65/268] 在馆    
4 1121247   211212472   第三借阅区/ [索取号:X833-65/268] 在馆    
5 1121248   211212481   第三借阅区/ [索取号:X833-65/268] 在馆    
唐山师范学院图书馆 欢迎您!
大连网信软件有限公司© 版权所有